[Event "EU-ch 22nd"]
[Site "Terme Catez"]
[Date "2022.04.04"]
[Round "9"]
[White "Franco, Alessandro P"]
[Black "Yakimenko, Alexander A"]
[Result "0-1"]
[WhiteElo "1848"]
[BlackElo "2064"]
[PlyCount "60"]
[EventDate "2022.03.27"]
[EventType "swiss"]
[EventRounds "11"]
[EventCountry "SLO"]
[SourceTitle "CBM 208"]
[Source "ChessBase"]
[SourceDate "2022.06.30"]
[SourceVersion "1"]
[SourceVersionDate "2022.06.30"]
[SourceQuality "1"]

1. e4 e5 2. Nf3 Nc6 3. Bc4 Be7 4. 0-0 Nf6 5. Re1 0-0 6. c3 d6 7. Bb3 Be6 8. Bc2 d5 9. exd5 Nxd5 10. Nxe5 Nxe5 11. Rxe5 Bd6 12. Re1 Bxh2+ 13. Kxh2 Qh4+ 14. Kg1 Bg4 15. f3 Nf4 16. d4 Bxf3 17. Bxf4 Bxd1 18. g3 Qh3 19. Rxd1 Rae8 20. Bd3 Re3 21. Na3 Rxg3+ 22. Bxg3 Qxg3+ 23. Kf1 Re8 24. Nc4 Re6 25. Rd2 Rf6+ 26. Ke2 Rf2+ 27. Kd1 Qg1+ 28. Kc2 Rxd2+ 29. Nxd2 Qxa1 30. Kb3 Qd1+ 0-1

[Event "EU-ch 22nd"]
[Site "Terme Catez"]
[Date "2022.04.03"]
[Round "8"]
[White "Kuznetsova, Elyzaveta"]
[Black "Franco, Alessandro P"]
[Result "0-1"]
[WhiteElo "1366"]
[BlackElo "1848"]
[PlyCount "46"]
[EventDate "2022.03.27"]
[EventType "swiss"]
[EventRounds "11"]
[EventCountry "SLO"]
[SourceTitle "CBM 208"]
[Source "ChessBase"]
[SourceDate "2022.06.30"]
[SourceVersion "1"]
[SourceVersionDate "2022.06.30"]
[SourceQuality "1"]

1. e4 e5 2. Nf3 Nc6 3. Bc4 Nf6 4. Nc3 Bc5 5. d3 d6 6. h3 a6 7. Be3 Ba7 8. Bxa7 Rxa7 9. 0-0 0-0 10. Re1 Ra8 11. d4 exd4 12. Nxd4 Bd7 13. f3 Ne5 14. Bb3 Nh5 15. Qd2 c5 16. Nde2 c4 17. f4 Nf3+ 18. gxf3 cxb3 19. axb3 Bxh3 20. f5 Qh4 21. Nd5 Rac8 22. Ndf4 Rc6 23. Kh2 Bxf5+ 0-1

[Event "EU-ch 22nd"]
[Site "Terme Catez"]
[Date "2022.03.29"]
[Round "3"]
[White "Roebers, Jan"]
[Black "Franco, Alessandro P"]
[Result "1/2-1/2"]
[WhiteElo "2156"]
[BlackElo "1848"]
[PlyCount "82"]
[EventDate "2022.03.27"]
[EventType "swiss"]
[EventRounds "11"]
[EventCountry "SLO"]
[SourceTitle "CBM 208"]
[Source "ChessBase"]
[SourceDate "2022.06.30"]
[SourceVersion "1"]
[SourceVersionDate "2022.06.30"]
[SourceQuality "1"]

1. e4 d5 2. exd5 Nf6 3. d4 Bg4 4. Bb5+ Nbd7 5. Nf3 Nxd5 6. 0-0 e6 7. Re1 Be7 8. Nbd2 0-0 9. h3 Bh5 10. Ne4 N7f6 11. Ng3 Bg6 12. Ne5 c5 13. Be2 cxd4 14. Nxg6 hxg6 15. Qxd4 Qc7 16. c4 Bc5 17. Qd3 Nb4 18. Qc3 Rfd8 19. a3 Nd3 20. Bxd3 Qxg3 21. Be3 Qd6 22. Bxc5 Qxc5 23. b4 Qc7 24. Be2 a5 25. Bf3 Rac8 26. Red1 Nd5 27. Bxd5 exd5 28. c5 b6 29. Rac1 axb4 30. axb4 bxc5 31. bxc5 Qc6 32. Rd4 Rd7 33. Qb3 Rdd8 34. Rb4 d4 35. Rb6 Qd5 36. c6 Qxb3 37. Rxb3 d3 38. c7 Rxc7 39. Rxc7 d2 40. Rb1 d1Q+ 41. Rxd1 Rxd1+ 1/2-1/2

[Event "Padova Del Santo op 1st"]
[Site "Padova"]
[Date "2014.02.15"]
[Round "4"]
[White "Franco, Alessandro P"]
[Black "Zanchetta, Nicola"]
[Result "0-1"]
[WhiteElo "1889"]
[BlackElo "1908"]
[PlyCount "126"]
[EventDate "2014.02.14"]
[EventType "swiss"]
[EventRounds "5"]
[EventCountry "ITA"]
[SourceTitle "EXT 2022"]
[Source "ChessBase"]
[SourceDate "2021.10.06"]
[SourceVersion "1"]
[SourceVersionDate "2021.10.06"]
[SourceQuality "1"]

1. e4 c5 2. Nf3 e6 3. c3 Nc6 4. d4 cxd4 5. cxd4 d5 6. e5 Qb6 7. a3 Bd7 8. b4 Rc8 9. Bb2 Nh6 10. Be2 Be7 11. Nbd2 Nf5 12. Nb3 Nb8 13. g4 Nh4 14. Nxh4 Bxh4 15. Rc1 0-0 16. Rc5 Ba4 17. Bd3 Be7 18. Bc2 Bxc5 19. dxc5 Qa6 20. Rg1 Qc4 21. Rg3 Bxb3 22. Rxb3 Qf4 23. g5 g6 24. Rg3 b6 25. Bc1 Qxe5+ 26. Re3 Qxh2 27. Qg4 Qh1+ 28. Kd2 h5 29. gxh6 Qxh6 30. Bb2 bxc5 31. Kd1 f5 32. Qg2 Qh5+ 33. Ke1 g5 34. Rh3 Qg6 35. Qh2 d4 36. bxc5 Nc6 37. Bb3 f4 38. Kd2 Kg7 39. Bc2 Rf5 40. Qh1 g4 41. Rb3 Rc7 42. Be4 f3 43. Bxc6 Rxc6 44. Bxd4+ e5 45. Rb7+ Kg8 46. Rb8+ Rf8 47. Rxf8+ Kxf8 48. Qh8+ Qg8 49. Qxe5 Qa2+ 50. Kd1 Qe6 51. Qb8+ Kf7 52. Qxa7+ Qe7 53. Qxe7+ Kxe7 54. Kd2 Ke6 55. Kc3 Kd5 56. Be3 Re6 57. Kd3 Re4 58. c6 Rc4 59. Bg5 Rxc6 60. Ke3 Rc2 61. Bh4 Ke5 62. Bg3+ Kf5 63. Bd6 Re2+ 0-1

[Event "Padova op-A 16th"]
[Site "Padova"]
[Date "2013.12.16"]
[Round "2.26"]
[White "Cardilli, Mariano"]
[Black "Franco, Alessandro P"]
[Result "1/2-1/2"]
[WhiteElo "2106"]
[BlackElo "1912"]
[PlyCount "120"]
[EventDate "2013.12.15"]
[EventType "swiss"]
[EventRounds "9"]
[EventCountry "ITA"]
[SourceTitle "EXT 2024"]
[Source "ChessBase"]
[SourceDate "2023.10.10"]
[SourceVersion "1"]
[SourceVersionDate "2023.10.10"]
[SourceQuality "1"]

1. d4 Nf6 2. c4 e6 3. Nc3 Bb4 4. e3 d5 5. Nf3 Nbd7 6. Bd3 dxc4 7. Bxc4 0-0 8. 0-0 b6 9. Qe2 Bb7 10. Rd1 Bxc3 11. bxc3 Ne4 12. Bb2 Qe8 13. Nd2 Kh8 14. Nxe4 Bxe4 15. f3 Bb7 16. e4 Nf6 17. Bc1 h6 18. Bf4 Qe7 19. Qe3 Rfd8 20. Bd3 Rd7 21. Bc2 Rc8 22. Qd3 c5 23. e5 c4 24. Qd2 Ng8 25. Re1 Bd5 26. Re2 Rb7 27. Be4 Rd8 28. g4 Qa3 29. Rg2 b5 30. g5 h5 31. g6 Bxe4 32. fxe4 fxg6 33. Rxg6 Ne7 34. Rxe6 b4 35. Bg5 bxc3 36. Qc1 Qxc1+ 37. Rxc1 Rxd4 38. Rxe7 Rb2 39. Rf7 Rxe4 40. h4 c2 41. Rf2 Rxa2 42. Rfxc2 Ra3 43. Rxc4 Rxe5 44. Rf4 a5 45. Rc8+ Kh7 46. Rc7 Rb5 47. Rff7 Rb1+ 48. Kf2 Ra2+ 49. Ke3 Re1+ 50. Kd4 Rd1+ 51. Kc5 Rc2+ 52. Kb6 Rb1+ 53. Ka6 Rxc7 54. Rxc7 a4 55. Rc3 Rb3 56. Rc4 a3 57. Ra4 Kg6 58. Be7 Kf5 59. Rxa3 Rxa3+ 60. Bxa3 g5 1/2-1/2

[Event "Padova op-A 15th"]
[Site "Padova"]
[Date "2012.12.18"]
[Round "3"]
[White "Franco, Alessandro P"]
[Black "Litrico, Paolo"]
[Result "1-0"]
[WhiteElo "1906"]
[BlackElo "1978"]
[PlyCount "81"]
[EventDate "2012.12.16"]
[EventType "swiss"]
[EventRounds "9"]
[EventCountry "ITA"]
[SourceTitle "EXT 2024"]
[Source "ChessBase"]
[SourceDate "2023.10.10"]
[SourceVersion "1"]
[SourceVersionDate "2023.10.10"]
[SourceQuality "1"]

1. e4 e5 2. Nf3 Nc6 3. Bb5 a6 4. Ba4 Nf6 5. 0-0 Nxe4 6. d4 b5 7. Bb3 d5 8. Re1 Be6 9. Nxe5 Nxe5 10. dxe5 Bc5 11. Be3 Bxe3 12. Rxe3 Nc5 13. Nd2 0-0 14. c3 Nxb3 15. Nxb3 Qe7 16. Qd4 Rab8 17. a3 Rb6 18. f4 Rc8 19. Nc5 Rc6 20. b4 a5 21. Qd3 Rb8 22. f5 Bc8 23. Qxd5 Rh6 24. e6 fxe6 25. fxe6 a4 26. Rd1 Kf8 27. Rf3+ Rf6 28. Rxf6+ gxf6 29. Qd8+ Qxd8 30. Rxd8+ Ke7 31. Rh8 Bxe6 32. Rxb8 Bc4 33. Rh8 Kd6 34. Rxh7 c6 35. Kf2 Ke5 36. Ke3 Bf1 37. g3 Kd5 38. Rh4 f5 39. Rd4+ Ke5 40. h4 Bh3 41. h5 1-0

[Event "Padova op-A 15th"]
[Site "Padova"]
[Date "2012.12.17"]
[Round "2"]
[White "Franco, Alessandro P"]
[Black "Quaranta, Cristiano"]
[Result "0-1"]
[WhiteElo "1906"]
[BlackElo "2102"]
[PlyCount "54"]
[EventDate "2012.12.16"]
[EventType "swiss"]
[EventRounds "9"]
[EventCountry "ITA"]
[SourceTitle "EXT 2024"]
[Source "ChessBase"]
[SourceDate "2023.10.10"]
[SourceVersion "1"]
[SourceVersionDate "2023.10.10"]
[SourceQuality "1"]

1. e4 e6 2. d4 d5 3. Nc3 Nf6 4. Bg5 Bb4 5. e5 h6 6. Bd2 Bxc3 7. bxc3 Ne4 8. Qg4 Kf8 9. Bd3 Nxd2 10. Kxd2 c5 11. Nf3 c4 12. Be2 b5 13. Qf4 Nc6 14. a3 a5 15. g4 Rb8 16. g5 b4 17. axb4 axb4 18. Ra4 bxc3+ 19. Kxc3 hxg5 20. Nxg5 Qe7 21. Rha1 Bd7 22. Bxc4 dxc4 23. Rxc4 Nb4 24. Ra5 Rc8 25. Rxc8+ Bxc8 26. Nxf7 Rh3+ 27. Kc4 Nd5 0-1

[Event "Padova op-A 15th"]
[Site "Padova"]
[Date "2012.12.16"]
[Round "1"]
[White "Codenotti, Marco"]
[Black "Franco, Alessandro P"]
[Result "1-0"]
[WhiteElo "2362"]
[BlackElo "1906"]
[PlyCount "27"]
[EventDate "2012.12.16"]
[EventType "swiss"]
[EventRounds "9"]
[EventCountry "ITA"]
[SourceTitle "EXT 2024"]
[Source "ChessBase"]
[SourceDate "2023.10.10"]
[SourceVersion "1"]
[SourceVersionDate "2023.10.10"]
[SourceQuality "1"]

1. e4 c5 2. Nf3 d6 3. d4 cxd4 4. Nxd4 Nf6 5. Nc3 a6 6. Be3 b5 7. a4 b4 8. Nd5 Nxd5 9. exd5 Bb7 10. Bc4 g6 11. Qd2 a5 12. Bb5+ Nd7 13. Ne6 fxe6 14. dxe6 1-0

[Event "Vignola op 11th"]
[Site "Vignola"]
[Date "2012.11.18"]
[Round "4"]
[White "Cocuzzi, Edoardo"]
[Black "Franco, Alessandro P"]
[Result "0-1"]
[WhiteElo "1958"]
[BlackElo "1897"]
[PlyCount "46"]
[EventDate "2012.11.16"]
[EventType "swiss"]
[EventRounds "5"]
[EventCountry "ITA"]
[SourceTitle "EXT 2014"]
[Source "ChessBase"]
[SourceDate "2013.11.20"]
[SourceVersion "1"]
[SourceVersionDate "2013.11.20"]
[SourceQuality "1"]

1. e4 c6 2. d4 d5 3. exd5 cxd5 4. Bd3 Nc6 5. c3 Nf6 6. h3 e6 7. Bf4 Bd6 8. Ne2 0-0 9. 0-0 Ne4 10. f3 Nf6 11. Bg5 h6 12. Bh4 e5 13. Qd2 Re8 14. Kh1 Bc7 15. Na3 a6 16. dxe5 Nxe5 17. f4 Nxd3 18. Qxd3 Qd6 19. Bxf6 Qxf6 20. Rad1 Bf5 21. Qxd5 Be4 22. Qd4 Qe6 23. Ng3 Qxh3+ 0-1

[Event "Vignola op 11th"]
[Site "Vignola"]
[Date "2012.11.16"]
[Round "1"]
[White "Franco, Alessandro P"]
[Black "Faglioni, Isacco"]
[Result "1-0"]
[WhiteElo "1897"]
[BlackElo "1579"]
[PlyCount "69"]
[EventDate "2012.11.16"]
[EventType "swiss"]
[EventRounds "5"]
[EventCountry "ITA"]
[SourceTitle "EXT 2014"]
[Source "ChessBase"]
[SourceDate "2013.11.20"]
[SourceVersion "1"]
[SourceVersionDate "2013.11.20"]
[SourceQuality "1"]

1. e4 e6 2. d4 d5 3. Nc3 Nf6 4. e5 Nfd7 5. f4 c5 6. Nf3 Nc6 7. Be3 Qb6 8. Qd2 Be7 9. 0-0-0 c4 10. h4 Qa6 11. h5 b5 12. f5 b4 13. Nb1 Qxa2 14. h6 c3 15. bxc3 bxc3 16. Qxc3 Rb8 17. hxg7 Rxb1+ 18. Kd2 Rxd1+ 19. Kxd1 Rg8 20. f6 Qb1+ 21. Bc1 Bb7 22. Rxh7 Rf8 23. Rh8 Bb4 24. Qb2 Qxb2 25. Bxb2 Ba5 26. Ba3 Bb4 27. Bxb4 Nxb4 28. Bb5 Nc6 29. Rxf8+ Nxf8 30. g8Q a6 31. Bxc6+ Bxc6 32. Ng5 a5 33. Qxf7+ Kd8 34. Qxf8+ Kc7 35. Nxe6+ 1-0

[Event "Padova op-A 13th"]
[Site "Padova"]
[Date "2010.12.16"]
[Round "6.11"]
[White "De Santis, Alessio"]
[Black "Franco, Alessandro P"]
[Result "1-0"]
[WhiteElo "2293"]
[BlackElo "1906"]
[PlyCount "75"]
[EventDate "2010.12.12"]
[EventType "swiss"]
[EventRounds "9"]
[EventCountry "ITA"]
[SourceTitle "EXT 2024"]
[Source "ChessBase"]
[SourceDate "2023.10.10"]
[SourceVersion "1"]
[SourceVersionDate "2023.10.10"]
[SourceQuality "1"]

1. d4 Nf6 2. c4 e6 3. Nc3 Bb4 4. Nf3 c5 5. e3 d6 6. Be2 Nc6 7. 0-0 Bxc3 8. bxc3 0-0 9. Qc2 b6 10. e4 e5 11. h3 Qc7 12. Be3 Ba6 13. d5 Na5 14. Nd2 Nd7 15. g3 Rae8 16. Kh2 Re7 17. Rg1 f6 18. Qa4 Ra8 19. Rg2 Nf8 20. Rh1 h6 21. h4 g5 22. f4 Rh7 23. fxg5 fxg5 24. Kg1 Qe7 25. Qd1 Rd8 26. Rgh2 Bc8 27. Bh5 Ba6 28. Qe2 Qg7 29. Bg4 Rb8 30. Bf5 gxh4 31. Rxh4 Qxg3+ 32. Kf1 Nxc4 33. Bxh7+ Nxh7 34. Rg4+ Kh8 35. Rxg3 Nxd2+ 36. Bxd2 Rf8+ 37. Ke1 Bxe2 38. Kxe2 1-0

[Event "Milan Crespi op-B 31th"]
[Site "Milan"]
[Date "2010.12.05"]
[Round "2"]
[White "Colica, Daniele"]
[Black "Franco, Alessandro P"]
[Result "0-1"]
[WhiteElo "1753"]
[BlackElo "1906"]
[PlyCount "122"]
[EventDate "2010.12.04"]
[EventType "swiss"]
[EventRounds "7"]
[EventCountry "ITA"]
[SourceTitle "EXT 2024"]
[Source "ChessBase"]
[SourceDate "2023.10.10"]
[SourceVersion "1"]
[SourceVersionDate "2023.10.10"]
[SourceQuality "1"]

1. e4 Nf6 2. d3 e5 3. Nf3 Nc6 4. g3 Bc5 5. Bg2 0-0 6. 0-0 d5 7. Nbd2 Be6 8. h3 Qd7 9. Ng5 Rad8 10. c3 a5 11. Qe2 Rfe8 12. Nb3 Bb6 13. Be3 d4 14. Nxe6 Rxe6 15. cxd4 Bxd4 16. Rfd1 a4 17. Nc5 Bxc5 18. Bxc5 Nd4 19. Bxd4 Qxd4 20. Rac1 Qd7 21. Rc3 Ne8 22. h4 Rd6 23. Bf3 Rd4 24. Bg4 Qd6 25. Bh3 b5 26. Bf1 b4 27. Rc2 Nf6 28. f3 Qb6 29. Qf2 Nd7 30. Rdc1 c5 31. Rc4 a3 32. b3 f6 33. Rxd4 cxd4 34. Rc4 Kf7 35. Qc2 Ke7 36. Rc6 Qb5 37. Bh3 h6 38. Be6 Nb8 39. Rc5 Qb6 40. Bh3 Na6 41. Rc6 Qb7 42. Qc4 Rd6 43. Rxd6 Kxd6 44. Qe6+ Kc7 45. Qd7+ Kb6 46. Qxb7+ Kxb7 47. Kf2 Nc7 48. Bd7 Kb6 49. f4 Kc5 50. Kf3 Kd6 51. Ba4 f5 52. fxe5+ Kxe5 53. Bc6 fxe4+ 54. dxe4 Ne6 55. Bb7 Nc5 56. Bc6 Nd3 57. Ke2 Nc1+ 58. Kd2 Nxa2 59. Kc2 Nc3 60. Bb7 a2 61. Kb2 d3 0-1

[Event "Mogliano Veneto op-B 31st"]
[Site "Mogliano Veneto"]
[Date "2010.04.30"]
[Round "1"]
[White "Gioga, Michele"]
[Black "Franco, Alessandro P"]
[Result "0-1"]
[WhiteElo "1676"]
[BlackElo "1823"]
[PlyCount "64"]
[EventDate "2010.04.30"]
[EventType "swiss"]
[EventRounds "5"]
[EventCountry "ITA"]
[SourceTitle "EXT 2023"]
[Source "ChessBase"]
[SourceDate "2022.10.05"]
[SourceVersion "1"]
[SourceVersionDate "2022.10.05"]
[SourceQuality "1"]

1. d4 Nf6 2. Nf3 e6 3. e3 c5 4. Bd3 Nc6 5. b3 b6 6. Bb2 Bb7 7. Nbd2 Be7 8. 0-0 0-0 9. a3 Rc8 10. Ne5 Qc7 11. Ng4 cxd4 12. exd4 Qf4 13. Nxf6+ Bxf6 14. Nf3 Kh8 15. Bc1 Qd6 16. c3 Ne7 17. Bd2 Nd5 18. Rc1 Qxa3 19. Ra1 Qd6 20. Rxa7 Nxc3 21. Bxc3 Bxf3 22. Qxf3 Rxc3 23. Qe4 g6 24. Bc4 Bxd4 25. Qb7 b5 26. Qxd7 Qxd7 27. Rxd7 bxc4 28. Rxd4 cxb3 29. Rb4 Ra8 30. g3 Ra2 31. Rb1 Rcc2 32. Rf4 b2 0-1

[Event "Padova/Monselice Province 70th"]
[Site "Padova"]
[Date "2010.01.16"]
[Round "2.8"]
[White "Baybusinov, Izat"]
[Black "Franco, Alessandro P"]
[Result "1/2-1/2"]
[WhiteElo "1467"]
[BlackElo "1746"]
[PlyCount "31"]
[EventDate "2010.01.15"]
[EventType "swiss"]
[EventRounds "5"]
[EventCountry "ITA"]
[SourceTitle "EXT 2024"]
[Source "ChessBase"]
[SourceDate "2023.10.10"]
[SourceVersion "1"]
[SourceVersionDate "2023.10.10"]
[SourceQuality "1"]

1. e4 e5 2. Nf3 Nc6 3. Bb5 a6 4. Ba4 Nf6 5. 0-0 Be7 6. Re1 b5 7. Bb3 0-0 8. c3 d5 9. exd5 Nxd5 10. Nxe5 Nxe5 11. Rxe5 c6 12. d4 Bd6 13. Re1 Qh4 14. g3 Qh3 15. Re4 g5 16. Qf1 1/2-1/2

[Event "Padova op-A 12th"]
[Site "Padova"]
[Date "2009.12.19"]
[Round "8.16"]
[White "De Marchi, Alessandro"]
[Black "Franco, Alessandro P"]
[Result "1/2-1/2"]
[WhiteElo "1654"]
[BlackElo "1638"]
[PlyCount "61"]
[EventDate "2009.12.13"]
[EventType "swiss"]
[EventRounds "9"]
[EventCountry "ITA"]
[SourceTitle "EXT 2024"]
[Source "ChessBase"]
[SourceDate "2023.10.10"]
[SourceVersion "1"]
[SourceVersionDate "2023.10.10"]
[SourceQuality "1"]

1. d4 Nf6 2. Nf3 e6 3. c4 c5 4. Nc3 cxd4 5. Nxd4 a6 6. a3 Be7 7. e4 d6 8. Be3 Qc7 9. Be2 Nc6 10. Nxc6 bxc6 11. 0-0 0-0 12. f4 Rb8 13. Rb1 c5 14. g4 Bb7 15. Bf3 Rfd8 16. Qe2 d5 17. cxd5 exd5 18. exd5 Nxd5 19. Nxd5 Bxd5 20. Bxd5 Rxd5 21. Rfd1 Rxd1+ 22. Qxd1 Bf6 23. Qc2 Qe7 24. Bxc5 Qc7 25. Qf2 Rxb2 26. Rxb2 Bxb2 27. Qxb2 Qxc5+ 28. Kg2 h6 29. Qb8+ Qf8 30. Qb3 Qd6 31. Qe3 1/2-1/2

[Event "Padova op-A 12th"]
[Site "Padova"]
[Date "2009.12.15"]
[Round "4.13"]
[White "Franco, Alessandro P"]
[Black "Casciello, Dimitri"]
[Result "0-1"]
[WhiteElo "1638"]
[BlackElo "2028"]
[PlyCount "48"]
[EventDate "2009.12.13"]
[EventType "swiss"]
[EventRounds "9"]
[EventCountry "ITA"]
[SourceTitle "EXT 2024"]
[Source "ChessBase"]
[SourceDate "2023.10.10"]
[SourceVersion "1"]
[SourceVersionDate "2023.10.10"]
[SourceQuality "1"]

1. e4 c5 2. Nf3 d6 3. d4 cxd4 4. Nxd4 Nf6 5. Nc3 g6 6. Bc4 Bg7 7. Be3 0-0 8. f3 Nc6 9. Qd2 Bd7 10. g4 Ne5 11. Be2 a6 12. h4 b5 13. h5 b4 14. Nd5 Nxd5 15. exd5 Qa5 16. hxg6 fxg6 17. Bh6 Bxh6 18. Qxh6 Rf7 19. 0-0-0 Qxa2 20. f4 Qa1+ 21. Kd2 Qxb2 22. Ne6 Qc3+ 23. Kc1 Rc8 24. Rd2 Qa1# 0-1

[Event "Padova op-A 12th"]
[Site "Padova"]
[Date "2009.12.14"]
[Round "2.15"]
[White "Franco, Alessandro P"]
[Black "Battagin, Mose"]
[Result "1-0"]
[WhiteElo "1638"]
[BlackElo "1916"]
[PlyCount "59"]
[EventDate "2009.12.13"]
[EventType "swiss"]
[EventRounds "9"]
[EventCountry "ITA"]
[SourceTitle "EXT 2024"]
[Source "ChessBase"]
[SourceDate "2023.10.10"]
[SourceVersion "1"]
[SourceVersionDate "2023.10.10"]
[SourceQuality "1"]

1. e4 d6 2. f4 Nf6 3. Nc3 g6 4. Nf3 Bg7 5. d4 0-0 6. Be3 b6 7. e5 Ne8 8. Bc4 e6 9. g4 c5 10. dxc5 bxc5 11. h4 Qb6 12. Bb3 Bd7 13. h5 a5 14. a4 d5 15. Bxd5 exd5 16. Nxd5 Qd8 17. Bxc5 Nc6 18. hxg6 Be6 19. Bxf8 Bxf8 20. gxf7+ Bxf7 21. Qd3 h6 22. Ng5 Bg7 23. Nxf7 Kxf7 24. Qf5+ Kg8 25. 0-0-0 Qc8 26. Qg6 Ra6 27. Nf6+ Kf8 28. Rd7 Nxe5 29. fxe5 Bxf6 30. Qf7# 1-0

[Event "Padova op-A 12th"]
[Site "Padova"]
[Date "2009.12.14"]
[Round "3.12"]
[White "Rettore, Ludwig"]
[Black "Franco, Alessandro P"]
[Result "1-0"]
[WhiteElo "2197"]
[BlackElo "1638"]
[PlyCount "79"]
[EventDate "2009.12.13"]
[EventType "swiss"]
[EventRounds "9"]
[EventCountry "ITA"]
[SourceTitle "EXT 2024"]
[Source "ChessBase"]
[SourceDate "2023.10.10"]
[SourceVersion "1"]
[SourceVersionDate "2023.10.10"]
[SourceQuality "1"]

1. d4 Nf6 2. Nf3 e6 3. c4 c5 4. Nc3 cxd4 5. Nxd4 a6 6. e4 d6 7. Be2 Be7 8. 0-0 0-0 9. Be3 Qc7 10. Rc1 Nc6 11. f3 Bd7 12. Qe1 Rfc8 13. Qf2 Ne5 14. b3 Qa5 15. h3 b5 16. f4 Ng6 17. Bf3 bxc4 18. e5 Nd5 19. Bxd5 exd5 20. b4 Qd8 21. exd6 Bxd6 22. Nxd5 Rab8 23. a3 a5 24. Ne2 axb4 25. axb4 Qh4 26. Qxh4 Nxh4 27. Nb6 Rc7 28. Rfd1 Nf5 29. Bf2 Rxb6 30. Bxb6 Rb7 31. Bc5 Bxc5+ 32. bxc5 Kf8 33. Nd4 Rb2 34. Nxf5 Bxf5 35. c6 Be4 36. c7 Bb7 37. c8Q+ Bxc8 38. Rd8+ Ke7 39. Rxc8 Kd7 40. R8xc4 1-0

[Event "Padova op-A 12th"]
[Site "Padova"]
[Date "2009.12.13"]
[Round "1.15"]
[White "Grover, Sahaj"]
[Black "Franco, Alessandro P"]
[Result "1-0"]
[WhiteElo "2372"]
[BlackElo "1638"]
[PlyCount "69"]
[EventDate "2009.12.13"]
[EventType "swiss"]
[EventRounds "9"]
[EventCountry "ITA"]
[SourceTitle "EXT 2024"]
[Source "ChessBase"]
[SourceDate "2023.10.10"]
[SourceVersion "1"]
[SourceVersionDate "2023.10.10"]
[SourceQuality "1"]

1. e4 Nf6 2. e5 Nd5 3. d4 d6 4. Nf3 Bg4 5. Be2 e6 6. exd6 cxd6 7. c4 Nb6 8. Nc3 Be7 9. 0-0 0-0 10. h3 Bh5 11. Be3 Nc6 12. b3 d5 13. c5 Nd7 14. b4 Bf6 15. b5 Bxf3 16. Bxf3 Ne7 17. Rc1 Qa5 18. Qd2 Qa3 19. Bd1 b6 20. Nb1 Qa5 21. Qxa5 bxa5 22. g4 h6 23. Ba4 e5 24. b6 exd4 25. Bxd7 dxe3 26. b7 exf2+ 27. Kg2 Rab8 28. c6 Bg5 29. Rcd1 Be3 30. Nc3 d4 31. Nb5 Nd5 32. Nxd4 Nf4+ 33. Kf3 Bxd4 34. Rxd4 Nxh3 35. c7 1-0

[Event "Chioggia op-B 04th"]
[Site "Chioggia"]
[Date "2009.10.11"]
[Round "4"]
[White "Franco, Alessandro P"]
[Black "Ballarin, Gabriele"]
[Result "0-1"]
[WhiteElo "1632"]
[BlackElo "1749"]
[PlyCount "110"]
[EventDate "2009.10.09"]
[EventType "swiss"]
[EventRounds "5"]
[EventCountry "ITA"]
[SourceTitle "EXT 2022"]
[Source "ChessBase"]
[SourceDate "2021.10.06"]
[SourceVersion "1"]
[SourceVersionDate "2021.10.06"]
[SourceQuality "1"]

1. e4 d6 2. f4 c5 3. Nf3 Nc6 4. d4 cxd4 5. Nxd4 Nf6 6. Nc3 a6 7. Bc4 Qb6 8. Nxc6 Qxc6 9. Qd3 b5 10. Nxb5 Nxe4 11. Bd5 Qxb5 12. Qxb5+ axb5 13. Bxa8 f5 14. Bc6+ Bd7 15. Bxd7+ Kxd7 16. Be3 Rg8 17. Rd1 e6 18. g3 Be7 19. Ke2 Rc8 20. Rc1 d5 21. Rhd1 Nd6 22. Bd4 g6 23. Bc3 Ne4 24. Be1 Bf6 25. c3 Ra8 26. a3 Kc6 27. Bf2 Ra4 28. Bd4 Be7 29. Ra1 Ra8 30. b4 Ra4 31. Kf3 Bd8 32. g4 fxg4+ 33. Kxg4 Bc7 34. h4 Ra8 35. Ra2 Rf8 36. Rf1 e5 37. Bc5 Nxc5 38. bxc5 exf4 39. a4 bxa4 40. Rxa4 Kxc5 41. Ra7 Rf7 42. Rb1 f3 43. Rf1 Rf4+ 44. Kg5 Rf5+ 45. Kg4 h5+ 46. Kh3 Bb6 47. Rg7 Rf6 48. Kg3 Rc6 49. Rxf3 Kc4 50. Re7 Kb3 51. Rb7 Kc2 52. Kf4 Bc7+ 53. Kg5 Bd8+ 54. Kh6 Bxh4 55. Rb2+ Kxb2 0-1

[Event "Chioggia op-B 03rd"]
[Site "Chioggia"]
[Date "2008.10.12"]
[Round "5"]
[White "Franco, Alessandro P"]
[Black "Aprile, Martino"]
[Result "1/2-1/2"]
[WhiteElo "1440"]
[BlackElo "1560"]
[PlyCount "69"]
[EventDate "2008.10.10"]
[EventType "swiss"]
[EventRounds "5"]
[EventCountry "ITA"]
[SourceTitle "EXT 2022"]
[Source "ChessBase"]
[SourceDate "2021.10.06"]
[SourceVersion "1"]
[SourceVersionDate "2021.10.06"]
[SourceQuality "1"]

1. e4 e5 2. Bc4 Nf6 3. d3 Nc6 4. Nc3 h6 5. f4 Bc5 6. Bb3 d6 7. Nf3 exf4 8. Bxf4 0-0 9. Qd2 Kh7 10. 0-0-0 Be6 11. h3 Bxb3 12. axb3 Nh5 13. g4 Nxf4 14. Qxf4 Nd4 15. Kb1 Nxf3 16. Qxf3 Bd4 17. Ne2 Qf6 18. Nxd4 Qxd4 19. Qf5+ Kg8 20. Qd7 Qc5 21. Rdf1 Rad8 22. Qe7 Rde8 23. Qh4 Re5 24. Rf3 d5 25. exd5 Qxd5 26. Rhf1 Qe6 27. Qf2 b6 28. h4 Re2 29. Qg3 Qe5 30. Kc1 Qa5 31. Kb1 Qd2 32. Qxc7 Re1+ 33. Rxe1 Qxe1+ 34. Ka2 Qa5+ 35. Kb1 1/2-1/2